| 000 | 01164nam a2200277 i 4500 | ||
|---|---|---|---|
| 003 | CO-ViMGA | ||
| 005 | 20230915224423.0 | ||
| 008 | 201127s20190000sp a jr 000 0 spa d | ||
| 020 | _a9789583062094 | ||
| 040 |
_aCO-ViMGA _bspa _cCO-ViMGA |
||
| 082 | 0 | 4 |
_a523.1 _bV11s _222 |
| 100 | 1 |
_aVaas, Rudiger _d1966- _eautora _9170452 |
|
| 245 | 1 | 0 |
_aSimplemente Hawking _bideas geniales, faciles de comprender _cRudiger Vaas ; ilustrado por Gunther Schulz ; traduccion del aleman Luis Carlos Henao |
| 250 | _aEdicion especial | ||
| 260 |
_aBogota : _bPanamericana, _c2020 |
||
| 300 |
_a142 paginas _bilustraciones _c22 cm |
||
| 490 | 0 | _aPlan Nacional de Lectura y Escritura Leer es mi Cuento / Ministerio de Cultura | |
| 534 | _tVass, einfach Hawking | ||
| 600 | 1 |
_aHawking, Stephen William _d1942-2018 _xCritica e interpretacion _9168075 |
|
| 650 | 1 | 7 |
_2LEMB _aAgujeros negros _xPreguntas y respuestas _9168077 |
| 650 | 1 | 7 |
_2LEMB _aCosmologia _xPreguntas y respuestas _9168076 |
| 650 | 1 | 7 |
_2LEMB _aTeoriĀa del Big Bang _xPreguntas y respuestas _9168078 |
| 700 | 1 |
_aHenao, Luis Carlos _etraductor _9170454 |
|
| 700 | 1 |
_aSchulz, Gunther _eilustrador _9170453 |
|
| 942 |
_2ddc _cBK |
||
| 999 |
_c9147 _d9147 |
||